<?xml version="1.0" encoding="UTF-8"?>
<record
    xmlns:xsi="http://www.w3.org/2001/XMLSchema-instance"
    xsi:schemaLocation="http://www.loc.gov/MARC21/slim http://www.loc.gov/standards/marcxml/schema/MARC21slim.xsd"
    xmlns="http://www.loc.gov/MARC21/slim">

  <leader>01564nam a22001937a 4500</leader>
  <controlfield tag="005">20220707115610.0</controlfield>
  <controlfield tag="008">220706b           ||||| |||| 00| 0 eng d</controlfield>
  <datafield tag="020" ind1=" " ind2=" ">
    <subfield code="a">9780077861049</subfield>
  </datafield>
  <datafield tag="050" ind1=" " ind2=" ">
    <subfield code="a">HF5415.P4357(14e)</subfield>
  </datafield>
  <datafield tag="245" ind1=" " ind2=" ">
    <subfield code="a">Essentials of marketing : a marketing strategy planning approach /</subfield>
    <subfield code="c">William D. Perreault ... [et al.]</subfield>
  </datafield>
  <datafield tag="250" ind1=" " ind2=" ">
    <subfield code="a">14th ed.</subfield>
  </datafield>
  <datafield tag="260" ind1=" " ind2=" ">
    <subfield code="a">New York :</subfield>
    <subfield code="b">McGraw-Hill Education,</subfield>
    <subfield code="c">2015.</subfield>
  </datafield>
  <datafield tag="300" ind1=" " ind2=" ">
    <subfield code="a">xliii, 717 p. :</subfield>
    <subfield code="b">ill. ;</subfield>
    <subfield code="c">28 cm.</subfield>
  </datafield>
  <datafield tag="500" ind1=" " ind2=" ">
    <subfield code="a">Include index and bibliographical references.</subfield>
  </datafield>
  <datafield tag="505" ind1=" " ind2=" ">
    <subfield code="a">Contents : Marketing's value to consumers, firms, and society -- Marketing strategy planning -- Evaluating opportunities in the changing marketing environment -- Focusing marketing strategy with segmentation and positioning -- Final consumers and their buying behavior -- Business and organizational customers and their buying behavior -- Improving decisions with marketing improving -- Elements of products planning for goods and services -- Product management and new-product development -- Place and development of channel systems -- Distribution customer service and logistics -- Retailers, wholesalers, and their strategy planning -- Promotion-introduction to integrated marketing communications -- Personal selling and customer service -- Advertising, publicity, and sales promotion -- Pricing objectives and policies -- Price setting in the business world -- Ethical marketing in a consumer-oriented world : appraisal and challenges.  </subfield>
  </datafield>
  <datafield tag="700" ind1=" " ind2=" ">
    <subfield code="a">Cannon,Joseph P.</subfield>
  </datafield>
  <datafield tag="700" ind1=" " ind2=" ">
    <subfield code="a">McCarthy, E. Jerome.</subfield>
  </datafield>
  <datafield tag="942" ind1=" " ind2=" ">
    <subfield code="2">lcc</subfield>
    <subfield code="c">BK</subfield>
  </datafield>
  <datafield tag="999" ind1=" " ind2=" ">
    <subfield code="c">9054</subfield>
    <subfield code="d">16554</subfield>
  </datafield>
  <datafield tag="952" ind1=" " ind2=" ">
    <subfield code="0">0</subfield>
    <subfield code="1">0</subfield>
    <subfield code="2">lcc</subfield>
    <subfield code="4">0</subfield>
    <subfield code="7">0</subfield>
    <subfield code="a">WIUC-1</subfield>
    <subfield code="b">WIUC-1</subfield>
    <subfield code="c">REF</subfield>
    <subfield code="d">2022-07-06</subfield>
    <subfield code="l">0</subfield>
    <subfield code="o">HF5415.P4357(14e)</subfield>
    <subfield code="p">8603/055/20</subfield>
    <subfield code="r">2022-07-06 00:00:00</subfield>
    <subfield code="t">1</subfield>
    <subfield code="w">2022-07-06</subfield>
    <subfield code="y">BK</subfield>
  </datafield>
</record>
